| 000 | 01034nam a22002777a 4500 | ||
|---|---|---|---|
| 003 | CHAP | ||
| 005 | 20220329133309.0 | ||
| 008 | 971013s r 00010 d | ||
| 010 | _a4512 | ||
| 011 | _a5484 | ||
| 035 | _a4698 | ||
| 040 | _cCHAP | ||
| 090 | _aR-3228 | ||
| 100 | 0 | 0 |
_aIslam, Nurul. _960579 |
| 245 | _aLinkages between agriculture and the overall economy | ||
| 500 | _aSobretiro de: Javier, Emil, ed. the Changing dynamics of global agriculture : Proceedings/ed. by Javier Emil and ulf Renborg [The Hague] : International Service for National Agricultural Research, 1989 pp.67-88 | ||
| 590 |
_aBATCH-UPD _b10 _c20130110 _lUCH01 _h0017 |
||
| 590 |
_aBATCH-UPD _b10 _c20130110 _lUCH01 _h2140 |
||
| 590 |
_aBATCH-UPD _b10 _c20130409 _lUCH01 _h1955 |
||
| 590 |
_aBATCH-UPD _b10 _c20130913 _lUCH01 _h2019 |
||
| 590 |
_aCONVERSION _b10 _c20130109 _lUCH01 _h1304 |
||
| 650 | 1 | 4 |
_aAgricultura _xAspectos económicos _xPaíses subdesarrollados. _91281 |
| 901 | _aBK | ||
| 942 | _cREIMP | ||
| 949 |
_aR-3238 _bBC _cR _d-14245 _eTS1 _i4698 _si |
||
| 999 |
_c4512 _d4512 |
||